03322nam a22002537a 4500003000400000005001700004007001500021008004100036040000800077100002900085245020300114264004200317300006000359336002700419337002900446338003900475502003700514504007800551520224800629650003602877650003502913700003902948856008102987OSt20251103143320.0cr ||||||a|c|a240304s2022 mx ||||fom||| 001 0 spa d erda1 aAcosta González, Uriel10aCaracterización de aislamientos de Neopestalotiopsis spp. y efecto de fungicidas en pre y post-infección en el cultivo de fresa /cpor Uriel Acosta González; director Ángel Rebollar Alviter 1aChapingo, México :bEl autor,c2022 a1 recurso en línea (133 páginas):bCuadros, figuras 2rdacontentatextobtxt 2rdamediaacomputadorabc 2rdacarrierarecurso en líneabcr bMCPVcParasitologíad2022gMAE aIncluye referencias bibliográficas: páginas al final de cada capitulo aLa pudrición de raíz, corona y manchas foliares de la fresa ocasionada por Neopestalotiopsis spp. es una enfermedad emergente en México y diferentes partes del mundo que puede ocasionar pérdidas superiores al 70% de la producción. Los objetivos de esta investigación fueron; a) Realizar la identificación morfológica y molecular de aislamientos obtenidos de diferentes órganos de plantas de fresa y su variabilidad patogénica; y b) Evaluar el efecto de fungicidas biológicos y químicos en pre y post-infección para el control de la pudrición de corona causada por N. rosae. La identificación de 160 aislamientos se realizó mediante la técnica High- Resolution Melting (HRM). Una muestra de 29 aislamientos se usó para realizar la caracterización morfológica y determinar la patogenicidad en la variedad fortuna. Así mismo, se evaluó la susceptibilidad de 11 variedades de fresa a uno de los aislamientos mediante inoculación directa de hojas desprendidas. Los resultados indicaron que 159 aislamientos analizados correspondieron a N. rosae y uno como Neopestalotiopsis sp. De los 29 aislamientos caracterizados, se identificaron 8 grupos, con base al color de la colonia, textura, producción de micelio, elevación, margen y producción de acérvulos, todos patogénicos en la variedad fortuna. La variedad Marisol fue la menos susceptible. Los resultados de la segunda parte del estudio indicaron que en pre-infección los fungicidas pydiflumetofeno + fludioxonil, cyprodinil + fludioxonil, y procloraz, presentaron la menor incidencia, severidad y mortalidad. El procloraz permitió mayor crecimiento radical de la planta, mayor peso seco y fresco en comparación con el resto de los tratamientos. En contraste, la eficacia de los tratamientos en pos-infección se redujo significativamente. El Hymexazol resultó en mayor longitud radical. Sin embargo, procloraz reflejó en mayor peso fresco y seco. Los tratamientos menos efectivos para ambos experimentos fueron el fluxapyroxad + pyraclostrobin y Bacillus amyloliquefaciens. Los resultados de este estudio contribuirán al diseño de estrategias de manejo de la enfermedad y reducir las pérdidas a los productores de fresa. 4aHongos fitopatógenosxControl 4aFresaxEnfermedades por hongos1 aRebollar Albiter, Angeledirector. uhttp://10.13.5.2/tesis/tm/1913309-4_ACOSTA_GONZALEZ_URIEL.pdfzDESCARGAR PDF